000 005540000a22001810004500
003 MACL
005 20160527170745.0
008 160527b xxu||||| |||| 00| 0 eng d
040 _aMACL
_cMACL
041 _aHindi
082 _a891.433 PAT
100 _aपटेल, पन्‍नालाल
_956964
245 _aजीवी
_cपन्‍नालाल पटेल
260 _bलोकभारती प्रकाशन
_c1991
_aइलाहाबाद
350 _a60
650 _aNovel
_960401
942 _cHIN
_k891.433/PAT/N
_2ddc
999 _c21169
_d21169